000 01172nam0a22002531 4500
001 rc\2803921
005 20250806210441.0
035 _a(NLR Aleph) 006929908
090 _a35368
_c35368
100 _a20110915d1944 u y0rusy50 ca
101 0 _arus
102 _aRU
105 _aa z |||||
200 1 _aУказания по пропитке древесины для придания ей огнестойкости и электроизоляционных свойств
_eПо мат-лам НИЛЭС, Центроэлектромонтажа, Южэлектромонтажа и Уралсибэлектромонтажа
_fНар. ком. по строит-ву СССР. Главэлектромонтаж
210 _a[Москва]
_cСтройиздат
_d1944
_gтип. Профиздата
215 _a23 с., без обл.
_cчерт.
_d19 см.
712 0 1 _aСССР
_bГлавное упр. электромонтаж. работ
801 0 _aRU
_bNLR
_gpsbo
801 1 _aRU
_bELAR
_2rusmarc
852 _aNLR
_jТ50 Г-4/72
942 _cBOOK
945 _aРоссийская национальная библиотека
980 _aNB
980 _aBV